| 000 | 00525nam a2200181Ia 4500 | ||
|---|---|---|---|
| 999 |
_c14766 _d14766 |
||
| 003 | OSt | ||
| 005 | 20201023113337.0 | ||
| 008 | 190216s9999||||xx |||||||||||||| ||und|| | ||
| 020 | _a9780199540587 | ||
| 040 | _coclc | ||
| 082 |
_a813.4 _bTWA/C |
||
| 100 |
_aTwain, Mark _95454 |
||
| 245 | 2 |
_aA Connecticut Yankee In King Arthur's Court / _cMark Twain |
|
| 260 |
_bOxford University Press , _c1993. _aNew York: |
||
| 300 | _a360p | ||
| 650 | _aEnglish | ||
| 942 |
_cBK _2ddc _h813.4 _iTWA/C _k813.4 _mTWA/C |
||